Exegeting the Jews : the early reception of the Johannine Jews /
In Exegeting the Jews: The Early Reception of the Johannine \'Jews\' , Michael G. Azar analyzes the rhetorical function of the Gospel of John's \'Jews\' in the earliest surviving full-length expositions of John in Greek: Origen's Commentary on John (3rd century), John C...
المؤلف الرئيسي:
التنسيق: كتاب الكتروني
اللغة: English
منشور في:
Boston ; Leidien :
Brill,
2016.
سلاسل:
The Bible in Ancient Christianity
10.
Biblical Studies, Ancient Near East and Early Christianity E-Books Online, Collection 2016, ISBN: 9789004303812.
الموضوعات:
الوصول للمادة أونلاين: Login to view Source
الوسوم: إضافة وسم
رقم الطلب: BS2615.6.J44
| LEADER | 03408nam a2200505 i 4500 | ||
|---|---|---|---|
| 001 | BRILL9789004316164 | ||
| 003 | nllekb | ||
| 005 | 20210602101453.0 | ||
| 006 | m d | ||
| 007 | cr un uuuua | ||
| 008 | 160204s2016 mau sb 001 0 eng d | ||
| 010 | |a 2016005724 | ||
| 020 | |a 9789004316164 |q (electronic book) | ||
| 020 | |z 9789004308893 |q (print) | ||
| 024 | 7 | |a 10.1163/9789004316164 |2 DOI | |
| 040 | |a NL-LeKB |c NL-LeKB |e rda | ||
| 050 | 4 | |a BS2615.6.J44 | |
| 072 | 7 | |a HRC |2 bicssc | |
| 072 | 7 | |a REL070000 |2 bisacsh | |
| 082 | 0 | 4 | |a 226.5/06 |2 23 |
| 100 | 1 | |a Azar, Michael G. | |
| 245 | 1 | 0 | |a Exegeting the Jews : |b the early reception of the Johannine Jews / |c by Michael G. Azar. |
| 264 | 1 | |a Boston ; |a Leidien : |b Brill, |c 2016. | |
| 300 | |a 1 online resource. | ||
| 336 | |a text |b txt |2 rdacontent | ||
| 337 | |a computer |b c |2 rdamedia | ||
| 338 | |a online resource |2 rdacarrier | ||
| 490 | 0 | |a Bible in ancient Christianity, |x 1542-1295 ; |v 10 | |
| 504 | |a Includes bibliographical references and index. | ||
| 505 | 0 | 0 | |t Preliminary Material / |r Michael G. Azar -- |t Introduction / |r Michael G. Azar -- |t 1 The Modern Reception of the Ancient Reception of John's "Jews" / |r Michael G. Azar -- |t 2 Origen of Alexandria / |r Michael G. Azar -- |t 3 John Chrysostom / |r Michael G. Azar -- |t 4 Cyril of Alexandria / |r Michael G. Azar -- |t 5 Conclusion / |r Michael G. Azar -- |t Bibliography / |r Michael G. Azar -- |t Index of Ancient Sources / |r Michael G. Azar -- |t Index of Names, Places, and Subjects / |r Michael G. Azar. |
| 506 | |a Available to subscribing member institutions only. | ||
| 520 | |a In Exegeting the Jews: The Early Reception of the Johannine \'Jews\' , Michael G. Azar analyzes the rhetorical function of the Gospel of John's \'Jews\' in the earliest surviving full-length expositions of John in Greek: Origen's Commentary on John (3rd century), John Chrysostom's Homilies on John (4th century), and Cyril of Alexandria's Commentary on John (5th century). While scholarship often has portrayed the reception history ( Wirkungsgeschichte ) of the Gospel's "Jews" as simply and uniformly anti-Jewish or antisemitic, Azar demonstrates that these three writers primarily read John's narrative typologically, employing the situation and characters in the Gospel not against contemporary Jews with whom they regularly interacted, but as types of each patristic writer's own intra-Christian struggle and opponents. | ||
| 588 | |a Description based on print version record and CIP data provided by publisher; resource not viewed. | ||
| 630 | 0 | 0 | |a Bible. |p John |x Criticism, interpretation, etc. |
| 650 | 0 | |a Jesus Christ |x Passion |x Role of Jews |x History of doctrines. | |
| 650 | 0 | |a Judaism (Christian theology) |x History of doctrines |y Early church, ca. 30-600. | |
| 650 | 0 | |a Jews in the New Testament. | |
| 650 | 0 | |a Christianity and other religions |x Judaism. | |
| 776 | 0 | 8 | |i Print version: |a Azar, Michael G., author. |t Exegeting the Jews |d Boston ; Leidien : Brill, 2016 |z 9789004308893 |w (DLC) 2016005483 |
| 830 | 0 | |a The Bible in Ancient Christianity |v 10. | |
| 830 | 0 | |a Biblical Studies, Ancient Near East and Early Christianity E-Books Online, Collection 2016, ISBN: 9789004303812. | |
| 856 | 4 | |z DOI: |u http://dx.doi.org/10.1163/9789004316164 | |
| 942 | |c EBOOK | ||
| 952 | |0 0 |1 0 |4 0 |7 1 |9 14404 |a BRILL |b BRILL |d 2021-06-02 |l 0 |r 2021-06-02 00:00:00 |w 2021-06-02 |y EBOOK | ||
| 999 | |c 35854 |d 35854 | ||
